| 000 | 02019nam0a2200385 4500 | ||
|---|---|---|---|
| 001 | RU\NLR\bibl\560990 | ||
| 005 | 20260607082835.0 | ||
| 010 |
_a5-93660-040-8 _9500 |
||
| 021 |
_aRU _b2004-54646 _92681 |
||
| 021 |
_aRU _b2008-78994 _94590 |
||
| 035 | _a(NLR Aleph) 000553107 | ||
| 090 |
_a1485051 _c1485051 |
||
| 100 | _a20041011d2004 |||y0rusy50 ca | ||
| 101 | 1 |
_arus _cara |
|
| 102 | _aRU | ||
| 105 | _ay ||||||||| | ||
| 200 | 1 |
_aТайны Средневекового Египта _e"Кн. уведомления и рассмотрения дел виденных и событий, засвидетельствов. на земле Египта" Абд ал-Латифа б. Йусуфа б. Мухаммада Ал-Багдади _fПредисл. В.В. Наумкина, пер. с араб., коммент. и указ. В.В. Наумкина и А.Г. Недвецкого _gРос. акад. наук, Ин-т востоковедения |
|
| 210 |
_aМ. _cМОО ЦСПИ _d2004 |
||
| 215 |
_a397 с. _d21 |
||
| 300 | _aТекст парал. на араб. и рус. яз. | ||
| 320 | _aБиблиогр.: с. 372-375 | ||
| 320 | _aУказ. имен и геогр. назв.: с. 376-385 | ||
| 320 | _aУказ. араб. слов и выражений: с. 386-396 | ||
| 607 |
_aЕгипет _jИсточники и источниковедение _xИстория _zСредние века _91018378 _3RU\NLR\auth\66388779 |
||
| 686 | _aТ3(6Ег)4,01 | ||
| 700 | 0 |
_4070 _7ca _8rus _aАбд ал-Латиф ал-Багдади _f1162-1231 _95581 _3RU\NLR\AUTH\7722524 |
|
| 702 | 1 |
_4730 _7ca _8rus _aНаумкин _bВ. В. _f1945- _gВиталий Вячеславович _919290 _3RU\NLR\auth\7736300 |
|
| 801 | 0 |
_aRU _bNLR _c20041011 _gPSBO |
|
| 801 | 1 |
_aRU _bNLR _c20041011 |
|
| 852 | 1 |
_aNLR _bОЛСАА-араб _j3-5385 |
|
| 942 | _cBOOK | ||
| 980 | _aNB | ||
| 980 | 1 | _aARAB | |